La Liga Torschützen 2021/2022 - Statistiken

Allgemein
  • Dieses Quiz wurde 283 mal gespielt
  • Das Durchschnittsergebnis liegt bei 4 aus 10
Antwortstatistiken
Tore Verein Spieler % Korrekt
27 Real Madrid Karim Benzema
100%
17 Real Madrid Vinícius Júnior
86%
18 Celta Vigo Iago Aspas
72%
17 Espanyol Barcelona Raúl de Tomás
30%
12 Atlético Madrid Ángel Correa
24%
14 Deportivo Alavés Joselu
23%
13 UD Levante José Luis Morales
23%
16 FC Getafe Enes Ünal
21%
12 FC Barcelona Memphis
12%
16 Betis Sevilla Juanmi
11%
Keine übereinstimmenden Quizze gefunden
Verteilung der Resultate
Anzahl Personen mit jedem Resultat
Perzentil nach korrekt beantworteten Fragen
Ihre Resultats-Entwicklung
Sie haben dieses Quiz noch nicht gespielt